Automotive electrical equipment, (Record no. 548217)
[ view plain ]
| 000 -LEADER | |
|---|---|
| fixed length control field | 00527cam a22001451 4500 |
| 082 ## - DEWEY DECIMAL CLASSIFICATION NUMBER | |
| Classification number | 629.254 |
| Author Mark | CRO |
| -- | L-17, P-3 |
| 100 1# - MAIN ENTRY--PERSONAL NAME | |
| Personal name | Crouse, William Harry, |
| 245 10 - TITLE STATEMENT | |
| Title | Automotive electrical equipment, |
| Remainder of title | its operation and maintenance, |
| Statement of responsibility, etc. | by William H. Crouse. |
| 260 ## - PUBLICATION, DISTRIBUTION, ETC. | |
| Place of publication, distribution, etc. | New York, |
| -- | London, |
| Name of publisher, distributor, etc. | McGraw-Hill book company, inc. |
| Date of publication, distribution, etc. | [c1942] |
| 300 ## - PHYSICAL DESCRIPTION | |
| Extent | 5 p. l., 232 p. |
| Other physical details | illus., diagrs. |
| Dimensions | 24 cm. |
| 526 ## - STUDY PROGRAM INFORMATION NOTE | |
| Program name | 0 |
| Interest level | 0 |
| Reading level | 0 |
| Title point value | 629_254000000000000_CRO |
| 650 #0 - SUBJECT ADDED ENTRY--TOPICAL TERM | |
| Topical term or geographic name entry element | Automobiles |
| General subdivision | Electric equipment. |
| 9 (RLIN) | 44430 |
| 650 #0 - SUBJECT ADDED ENTRY--TOPICAL TERM | |
| Topical term or geographic name entry element | MCE |
| 9 (RLIN) | 379 |
| 942 ## - ADDED ENTRY ELEMENTS (KOHA) | |
| Source of classification or shelving scheme | |
| Koha item type | Book |
| Withdrawn status | Lost status | Source of classification or shelving scheme | Damaged status | Not for loan | Permanent Location | Current Location | Date acquired | Total Checkouts | Full call number | Barcode | Date last seen | Price effective from | Koha item type |
|---|---|---|---|---|---|---|---|---|---|---|---|---|---|
| Military College of Engineering (MCE) | Military College of Engineering (MCE) | 08/25/2014 | 629.254 CRO | MCE-40618 | 08/25/2014 | 08/25/2014 | Book |
